00514 a2200133 4500001001000000005001700010008004100027245012000068100003000188700003400218700004900252773006200301999001700363ART_3061220260410162002.0260409a 10aCaminos a reccorrer para la revisión y emisión de las Normas Contables en un contexto de integración regional1 aFronti de García, Luisa1 aGarcía Casella, Carlos Luis1 aRodríguez de Ramírez, María del Carmen0 tForo económicog- Año II, Nº 3 (nov. 1996)wREV30369 c31416d31416